| 000 | 00617nam a2200181Ia 4500 | ||
|---|---|---|---|
| 008 | 140626s9999 xx 000 0 und d | ||
| 100 | _aNicholson, Nicholas. | ||
| 245 |
_aDecreasing social isolation in older adults : _beffects of an empowerment intervention offered through the CARELINK program / _cNicholas Nicholson ... [et al.]. |
||
| 260 | _cc2013. | ||
| 300 | _a6 : 1, page 89 | ||
| 440 | _aResearch in Gerontological Nursing | ||
| 521 | _aNUR | ||
| 650 | _aCarelink program. | ||
| 650 | _aDecreasing social isolation. | ||
| 650 | _aEmpowerment intervention. | ||
| 650 | _aOlder adults. | ||
| 942 | _cSE | ||
| 999 |
_c121456 _d121456 |
||